[Event "Montreal CC-ch"]
[Site "Montreal"]
[Date "2012.06.15"]
[Round "1"]
[White "Plante, Santiago"]
[Black "Tremblay, Alain"]
[Result "0-1"]
[WhiteElo "1355"]
[BlackElo "2096"]
[PlyCount "68"]
[EventDate "2012.06.15"]
[EventType "swiss"]
[EventRounds "5"]
[EventCountry "CAN"]
[SourceTitle "EXT 2022"]
[Source "ChessBase"]
[SourceDate "2021.10.06"]
[SourceVersion "1"]
[SourceVersionDate "2021.10.06"]
[SourceQuality "1"]

1. d4 d5 2. c4 e6 3. Nc3 c5 4. cxd5 exd5 5. Nf3 Nc6 6. Bf4 Nf6 7. e3 c4 8. h3 Bb4 9. a3 Ba5 10. Qc2 h6 11. Be2 b5 12. 0-0 a6 13. Ne5 Qb6 14. Bf3 Be6 15. Ng6 fxg6 16. Qxg6+ Kf8 17. Bd6+ Kg8 18. Bxd5 Bxd5 19. Nxd5 Qd8 20. Nxf6+ Qxf6 21. Qg3 Re8 22. Bc5 Kh7 23. Qg4 Qg6 24. Qe2 Bc7 25. a4 Qe6 26. axb5 axb5 27. Ra6 Qd5 28. Qc2+ g6 29. Rfa1 Rhg8 30. Rb1 Rg7 31. Qc3 Qf5 32. Rba1 Rf7 33. Rf1 Qd5 34. Bb6 Nb8 0-1

[Event "Quebec-ch U16"]
[Site "Montreal"]
[Date "2011.11.26"]
[Round "2"]
[White "Plante, Santiago"]
[Black "Isaev, Nikolay"]
[Result "0-1"]
[WhiteElo "1133"]
[BlackElo "1651"]
[PlyCount "52"]
[EventDate "2011.11.25"]
[EventType "swiss"]
[EventRounds "5"]
[EventCountry "CAN"]
[SourceTitle "EXT 2022"]
[Source "ChessBase"]
[SourceDate "2021.10.06"]
[SourceVersion "1"]
[SourceVersionDate "2021.10.06"]
[SourceQuality "1"]

1. d4 Nf6 2. c4 c5 3. d5 e6 4. Nc3 exd5 5. cxd5 d6 6. e4 g6 7. f4 Bg7 8. Bb5+ Nfd7 9. Nf3 a6 10. Bd3 0-0 11. 0-0 b5 12. a4 b4 13. Ne2 a5 14. Rb1 Ba6 15. Bxa6 Nxa6 16. Nd2 Nb6 17. b3 f5 18. exf5 Rxf5 19. Nc4 Rxd5 20. Qc2 Rh5 21. Nxa5 Qh4 22. h3 d5 23. Bb2 d4 24. Nc4 Nd5 25. Bc1 Re8 26. Bd2 Rxe2 0-1

[Event "Quebec-ch U16"]
[Site "Montreal"]
[Date "2011.11.25"]
[Round "1"]
[White "Plante, Santiago"]
[Black "Luo, Zhao Yang"]
[Result "0-1"]
[WhiteElo "1971"]
[BlackElo "1133"]
[PlyCount "58"]
[EventDate "2011.11.25"]
[EventType "swiss"]
[EventRounds "5"]
[EventCountry "CAN"]
[SourceTitle "EXT 2022"]
[Source "ChessBase"]
[SourceDate "2021.10.06"]
[SourceVersion "1"]
[SourceVersionDate "2021.10.06"]
[SourceQuality "1"]

1. e4 c6 2. d4 d5 3. Nc3 dxe4 4. Nxe4 Bf5 5. Ng3 Bg6 6. Nf3 Nd7 7. h4 h6 8. h5 Bh7 9. Bd3 Bxd3 10. Qxd3 Ngf6 11. Be3 e6 12. 0-0-0 Be7 13. Ne4 Nxe4 14. Qxe4 Nf6 15. Qd3 0-0 16. Nd2 Nd5 17. a3 b5 18. g4 b4 19. a4 c5 20. dxc5 Qc7 21. Ne4 Rfd8 22. Qc4 Qe5 23. Rde1 Rac8 24. Rhf1 Nxe3 25. Rxe3 Rd4 26. Qe2 Bxc5 27. Nxc5 Qxc5 28. f3 Rc4 29. Rf2 Rxc2+ 0-1